[Event "Dubai op-B 23rd"]
[Site "Dubai"]
[Date "2023.05.31"]
[Round "5"]
[White "Arakelyan, Manvel"]
[Black "Anas, Khwaira"]
[Result "1-0"]
[WhiteElo "1657"]
[BlackElo "1980"]
[PlyCount "131"]
[EventDate "2023.05.27"]
[EventType "swiss"]
[EventRounds "9"]
[EventCountry "UAE"]
[SourceTitle "CBM 214 Extra"]
[Source "ChessBase"]
[SourceDate "2023.07.31"]
[SourceVersion "1"]
[SourceVersionDate "2023.07.31"]
[SourceQuality "1"]

1. e4 c5 2. Nf3 g6 3. d4 cxd4 4. Nxd4 Nc6 5. Nc3 Bg7 6. Be3 Nf6 7. Bc4 0-0 8. Bb3 a5 9. 0-0 Nxd4 10. Bxd4 d6 11. Nd5 Nxd5 12. exd5 Bxd4 13. Qxd4 b5 14. c3 Qc7 15. Rfe1 Re8 16. a3 Ra7 17. Re3 Qc5 18. Rd1 Bf5 19. g4 Qxd4 20. Rxd4 Bd7 21. Bc2 Kg7 22. h4 Rc7 23. Bd3 Rc5 24. g5 Bc8 25. b4 axb4 26. axb4 Rxc3 27. Bxb5 Rxe3 28. fxe3 Rd8 29. Bc6 e5 30. Rc4 Bf5 31. e4 Bg4 32. b5 Rb8 33. Rb4 Kf8 34. b6 Ke7 35. b7 Kd8 36. Ra4 Kc7 37. Kf2 Bd1 38. Ra8 Bh5 39. Kg3 Bd1 40. Rxb8 Kxb8 41. Be8 Kxb7 42. Bxf7 Kb6 43. Kf2 Kc5 44. Ke3 Kc4 45. Bg8 Kc3 46. Bxh7 Bh5 47. Bg8 Kc4 48. Be6 Bd1 49. Bh3 Kc3 50. Bg2 Ba4 51. h5 gxh5 52. g6 Be8 53. g7 Bf7 54. Bh3 Bg8 55. Be6 Bh7 56. g8Q Bxg8 57. Bxg8 h4 58. Kf3 Kd4 59. Bh7 h3 60. Kg3 h2 61. Kxh2 Kc5 62. Kg3 Kb6 63. Kg4 Kc7 64. Kf5 Kd8 65. Ke6 Kc7 66. Bf5 1-0